000 00368nam a2200145Ia 4500
008 231217s9999 xx 000 0 und d
041 _aEnglish
082 _a001.64404 AND;3
100 _aAnderson, James A.
245 3 _aAn introduction to neural networks
260 _c1995
_bPHI,
_aNew Delhi
300 _axi+650
650 _aAn,neural,networks
942 _cAA
999 _c172175
_d172175